La condizione delle bambine e delle ragazze nel mondo

সংরক্ষণ করুন:
গ্রন্থ-পঞ্জীর বিবরন
সংস্থা লেখক: Terre des hommes
বিন্যাস: গ্রন্থ
ভাষা:ইংরেজি
প্রকাশিত: Milano Terre des hommes 2012
ট্যাগগুলো: ট্যাগ যুক্ত করুন
কোনো ট্যাগ নেই, প্রথমজন হিসাবে ট্যাগ করুন!

MARC

LEADER 00000nam a2200000 4500
005 20240717191606.0
008 240717b |||||||| |||| 00| 0 eng d
040 |c GP 
110 |a Terre des hommes 
245 |a La condizione delle bambine e delle ragazze nel mondo 
260 |a Milano  |b Terre des hommes  |c 2012 
942 |2 ddc  |c BK  |n 0 
952 |0 0  |1 0  |2 ddc  |4 0  |6 370_820000000000000_TER  |7 1  |9 1638  |a RM  |b RM  |d 2024-07-17  |l 0  |o 370.82 TER  |p 689  |r 2024-07-17 19:16:26  |w 2024-07-17  |y BK 
999 |c 1454  |d 1454